000 00220nam a2200109Ia 4500
999 _c8450
_d8450
020 _a978-0201633610
100 _aGamma, Helm
245 0 _aDesign Patterns
260 _aUSA
_bAddison
_c2004
300 _a984
942 _cBK